[Event "25th Open"]
[Site "Cappelle la Grande FRA"]
[Date "2009.03.02"]
[Round "3"]
[White "Babaev, Ra"]
[Black "Vorobiov, E."]
[Result "1/2-1/2"]
[WhiteElo "2491"]
[BlackElo "2591"]
[PlyCount "30"]
[EventDate "2009.02.28"]

1. e4 c5 2. Nf3 d6 3. d4 cxd4 4. Nxd4 Nf6 5. Nc3 a6 6. Be2 Nbd7 7. f4 g6 8. O-O
Bg7 9. Kh1 O-O 10. Nb3 b5 11. Bf3 Bb7 12. Re1 Qc7 13. Nd5 Nxd5 14. exd5 Nf6 15.
c3 a5 1/2-1/2

[Event "25th Open"]
[Site "Cappelle la Grande FRA"]
[Date "2009.03.02"]
[Round "3"]
[White "Rozentalis, E."]
[Black "Yandemirov, V."]
[Result "1/2-1/2"]
[WhiteElo "2590"]
[BlackElo "2474"]
[PlyCount "39"]
[EventDate "2009.02.28"]

1. e4 e5 2. Nc3 Nf6 3. g3 d5 4. exd5 Nxd5 5. Bg2 Nxc3 6. bxc3 Bd6 7. d3 O-O 8.
Nf3 Nc6 9. O-O Bg4 10. Rb1 Rb8 11. h3 Bd7 12. d4 Re8 13. Be3 b6 14. Ng5 h6 15.
Nxf7 Kxf7 16. Bd5+ Kf8 17. Qf3+ Qf6 18. Bxc6 Qxf3 19. Bxf3 Bxh3 20. Rfe1
1/2-1/2

[Event "25th Open"]
[Site "Cappelle la Grande FRA"]
[Date "2009.03.02"]
[Round "3"]
[White "Kononenko, Dmitry1"]
[Black "Zozulia, A."]
[Result "1-0"]
[WhiteElo "2574"]
[BlackElo "2376"]
[PlyCount "55"]
[EventDate "2009.02.28"]

1. e4 d6 2. d4 Nf6 3. Nc3 g6 4. Be3 Bg7 5. Qd2 Ng4 6. Bg5 h6 7. Bh4 c6 8. f4 b5
9. Nf3 b4 10. Nd1 Qb6 11. a3 bxa3 12. Rxa3 Nf6 13. Bd3 Bg4 14. e5 dxe5 15. dxe5
Nd5 16. Bf2 Qc7 17. Be4 O-O 18. Bxd5 cxd5 19. Qxd5 Qc6 20. Qxc6 Nxc6 21. Nd4
Nxd4 22. Bxd4 Rad8 23. c3 Bxd1 24. Kxd1 f6 25. Re1 fxe5 26. fxe5 Rf5 27. Kc2
Rd7 28. Rxa7 1-0

[Event "25th Open"]
[Site "Cappelle la Grande FRA"]
[Date "2009.03.02"]
[Round "3"]
[White "Ulibin, M."]
[Black "Baklan, V."]
[Result "1/2-1/2"]
[WhiteElo "2511"]
[BlackElo "2627"]
[PlyCount "21"]
[EventDate "2009.02.28"]

1. e4 e6 2. d4 d5 3. exd5 exd5 4. Nf3 Nf6 5. Bg5 Be7 6. Bd3 O-O 7. O-O Bg4 8.
Nbd2 Bh5 9. Re1 Nbd7 10. c3 Bg6 11. Bxg6 1/2-1/2

[Event "25th Open"]
[Site "Cappelle la Grande FRA"]
[Date "2009.03.02"]
[Round "4"]
[White "Dragun, K."]
[Black "Degraeve, JM."]
[Result "0-1"]
[WhiteElo "2178"]
[BlackElo "2553"]
[PlyCount "90"]
[EventDate "2009.02.28"]

1. e4 Nf6 2. e5 Nd5 3. d4 d6 4. Nf3 dxe5 5. Nxe5 c6 6. Be2 Bf5 7. O-O Nd7 8. c4
Nb4 9. Nd3 Nxd3 10. Bxd3 Bxd3 11. Qxd3 e6 12. Bf4 Nf6 13. Nc3 Bd6 14. Bxd6 Qxd6
15. Ne4 Nxe4 16. Qxe4 O-O 17. Rfd1 Rad8 18. h3 Rd7 19. Qe3 Rfd8 20. Rd2 Qb4 21.
b3 h6 22. a3 Qb6 23. Rad1 Qa6 24. a4 Qa5 25. Rd3 Qg5 26. b4 Qf5 27. b5 a6 28.
g4 Qg6 29. Qe5 axb5 30. axb5 Rd6 31. bxc6 Rxc6 32. Qb5 h5 33. d5 hxg4 34. Rg3
Qc2 35. Rd4 exd5 36. Rdxg4 g6 37. cxd5 Rf6 38. Rg2 Qc1+ 39. Kh2 Qc7+ 40. R4g3
Rfd6 41. h4 Rxd5 42. Qe2 Rd4 43. Qh5 R8d5 44. Qh6 Rg4 45. f4 Rh5 0-1

[Event "25th Open"]
[Site "Cappelle la Grande FRA"]
[Date "2009.03.02"]
[Round "4"]
[White "Sveshnikov, E."]
[Black "Gelashvili, T."]
[Result "1/2-1/2"]
[WhiteElo "2535"]
[BlackElo "2622"]
[PlyCount "139"]
[EventDate "2009.02.28"]

1. e4 Nc6 2. Nf3 d6 3. d4 Nf6 4. Nc3 g6 5. Bb5 a6 6. Bxc6+ bxc6 7. O-O Bg7 8.
Qe2 O-O 9. Rd1 Bg4 10. h3 Bxf3 11. Qxf3 Nd7 12. Be3 e5 13. Qe2 Re8 14. Qc4 exd4
15. Bxd4 Bxd4 16. Qxd4 Qg5 17. Qd2 Qh4 18. Re1 Nc5 19. f3 Re5 20. Qf2 Qe7 21.
Ne2 Ne6 22. Nd4 Nxd4 23. Qxd4 a5 24. Qc3 Rc5 25. Qd2 Re8 26. a4 Qf6 27. c3 Rb8
28. Re2 Re5 29. Rae1 g5 30. Qe3 c5 31. Qd3 Qe6 32. Qa6 c4 33. Qa7 Rc8 34. Qd4
Re8 35. Kf1 f6 36. Qd2 Kf7 37. Kg1 Ke7 38. Kh2 Kd7 39. Qd4 Qf7 40. Qf2 h5 41.
Kg1 c5 42. Rd2 f5 43. Red1 R8e6 44. Qe2 fxe4 45. Qxc4 Qf4 46. Qa6 exf3 47.
Rxd6+ Ke7 48. Qa7+ Kf6 49. Rxe6+ Rxe6 50. Qxc5 Kg6 51. Qd4 Qf5 52. g4 hxg4 53.
hxg4 Qf7 54. Rf1 Rf6 55. Kf2 Qb3 56. Qd3+ Kg7 57. Rd1 Qxb2+ 58. Rd2 Qb8 59.
Qd7+ Kh6 60. Kf1 Qb1+ 61. Rd1 Qe4 62. Qd2 f2 63. Qd5 Qxg4 64. Qh1+ Kg6 65. Rd4
Qc8 66. Qe4+ Kh6 67. Qe3 Qf5 68. Qd3 Qxd3+ 69. Rxd3 Rg6 70. c4 1/2-1/2

[Event "25th Open"]
[Site "Cappelle la Grande FRA"]
[Date "2009.03.02"]
[Round "4"]
[White "Dzhumaev, M."]
[Black "Malakhatko, V."]
[Result "1/2-1/2"]
[WhiteElo "2529"]
[BlackElo "2610"]
[PlyCount "21"]
[EventDate "2009.02.28"]

1. e4 e6 2. d4 d5 3. exd5 exd5 4. Nf3 c6 5. Bd3 Bd6 6. O-O Bg4 7. Re1+ Ne7 8.
Nbd2 Nd7 9. c3 Bh5 10. Nf1 Bg6 11. Ng3 1/2-1/2

[Event "25th Open"]
[Site "Cappelle la Grande FRA"]
[Date "2009.03.02"]
[Round "4"]
[White "Danielian, O."]
[Black "Zubarev, Al1"]
[Result "1-0"]
[WhiteElo "2519"]
[BlackElo "2566"]
[PlyCount "43"]
[EventDate "2009.02.28"]

1. d4 d6 2. c4 Nf6 3. Nc3 g6 4. e4 Bg7 5. Be2 O-O 6. g4 Nc6 7. d5 Nb4 8. g5 Nd7
9. Nf3 e6 10. Be3 a5 11. h4 Nc5 12. Bxc5 dxc5 13. a3 Na6 14. e5 Re8 15. Ne4
exd5 16. Nf6+ Bxf6 17. gxf6 Bg4 18. Qc1 Rxe5 19. Nxe5 Bxe2 20. Kxe2 Qxf6 21.
Qg5 Qg7 22. Qe7 1-0

[Event "25th Open"]
[Site "Cappelle la Grande FRA"]
[Date "2009.03.02"]
[Round "4"]
[White "Timoshenko, G."]
[Black "Jojua, D."]
[Result "1/2-1/2"]
[WhiteElo "2551"]
[BlackElo "2484"]
[PlyCount "32"]
[EventDate "2009.02.28"]

1. d4 d5 2. c4 e6 3. Nc3 Be7 4. Nf3 Nf6 5. Bg5 O-O 6. e3 h6 7. Bh4 Ne4 8. Bxe7
Qxe7 9. Rc1 c6 10. Bd3 Nxc3 11. Rxc3 dxc4 12. Bxc4 Nd7 13. O-O e5 14. dxe5 Nxe5
15. Nxe5 Qxe5 16. f4 Qe4 1/2-1/2

[Event "25th Open"]
[Site "Cappelle la Grande FRA"]
[Date "2009.03.02"]
[Round "4"]
[White "Wantiez, F."]
[Black "Baramidze, D."]
[Result "1/2-1/2"]
[WhiteElo "2325"]
[BlackElo "2548"]
[PlyCount "48"]
[EventDate "2009.02.28"]

1. e4 c6 2. Nc3 d5 3. Nf3 dxe4 4. Nxe4 Nd7 5. d4 Ngf6 6. Ng3 e6 7. Bd3 Be7 8.
O-O O-O 9. Re1 c5 10. c3 b6 11. Qe2 Bb7 12. Ng5 Kh8 13. Nf5 h6 14. Nxe6 fxe6
15. Qxe6 Re8 16. Nxe7 Nf8 17. Qe2 Ng8 18. Bg5 hxg5 19. Qh5+ Nh6 20. Ng6+ Kg8
21. Bc4+ Kh7 22. Bd3 Kg8 23. Bc4+ Kh7 24. Bd3 Kg8 1/2-1/2

[Event "25th Open"]
[Site "Cappelle la Grande FRA"]
[Date "2009.03.02"]
[Round "4"]
[White "Burmakin, V."]
[Black "Marholev, D."]
[Result "1-0"]
[WhiteElo "2623"]
[BlackElo "2449"]
[PlyCount "39"]
[EventDate "2009.02.28"]

1. d4 Nf6 2. Nf3 b5 3. Bg5 Ne4 4. Bh4 d5 5. e3 c6 6. Bd3 g6 7. Nbd2 Nxd2 8.
Qxd2 a6 9. e4 Qb6 10. O-O Bg7 11. a4 b4 12. a5 Qb7 13. Ra4 b3 14. Rb4 Qa7 15.
Rxb3 O-O 16. Qb4 Bg4 17. Bxe7 Bxf3 18. gxf3 Re8 19. Bc5 Qc7 20. Qb7 1-0

[Event "25th Open"]
[Site "Cappelle la Grande FRA"]
[Date "2009.03.03"]
[Round "5"]
[White "Danielian, O."]
[Black "Dvoirys, S."]
[Result "1/2-1/2"]
[WhiteElo "2519"]
[BlackElo "2547"]
[PlyCount "120"]
[EventDate "2009.02.28"]

1. d4 Nf6 2. c4 g6 3. Nc3 d5 4. cxd5 Nxd5 5. e4 Nxc3 6. bxc3 c5 7. Bb5+ Bd7 8.
Bxd7+ Qxd7 9. Nf3 Bg7 10. O-O O-O 11. Rb1 Rc8 12. dxc5 Qc7 13. Qd5 Nc6 14. Be3
Na5 15. e5 e6 16. Qe4 b6 17. cxb6 axb6 18. Rxb6 Qxc3 19. Rc1 Qa3 20. Rc2 Qf8
21. Bc5 Qe8 22. g3 Qd7 23. Bd6 h6 24. h4 Qa7 25. Rb5 Qa6 26. a4 Rxc2 27. Qxc2
Nc6 28. Kg2 Nd8 29. Rb8 Rxb8 30. Bxb8 Nc6 31. Bd6 Qa8 32. Qe4 Qa6 33. Nd4 Qxa4
34. Qxc6 Qxd4 35. Qe8+ Kh7 36. Qxf7 Qe4+ 37. Qf3 Qxf3+ 38. Kxf3 h5 39. Ke4 Bh6
40. Be7 Bd2 41. Kd3 Be1 42. Ke2 Bc3 43. Bf6 Kg8 44. f3 Kf7 45. g4 Ba5 46. Ke3
Ke8 47. Ke4 Be1 48. gxh5 gxh5 49. f4 Bb4 50. f5 Kf7 51. Bg5 Ba3 52. Be3 Bb2 53.
Bc5 Bc3 54. Bf2 Bd2 55. Bg3 Ba5 56. Bf2 Bd2 57. Bb6 Be1 58. Bd8 Bg3 59. Bf6 Bh2
60. Bg5 Bg3 1/2-1/2

[Event "25th Open"]
[Site "Cappelle la Grande FRA"]
[Date "2009.03.03"]
[Round "5"]
[White "Graf, A."]
[Black "Olszewski, Mi"]
[Result "1/2-1/2"]
[WhiteElo "2643"]
[BlackElo "2517"]
[PlyCount "33"]
[EventDate "2009.02.28"]

1. Nf3 Nf6 2. c4 e6 3. b3 b6 4. g3 Bb7 5. Bg2 c5 6. Bb2 Be7 7. O-O d6 8. Nc3
O-O 9. e3 Ne4 10. Qc2 Nxc3 11. Bxc3 g6 12. Rad1 Nd7 13. d4 cxd4 14. Nxd4 Bxg2
15. Kxg2 Qc7 16. Qe4 a6 17. Nc6 1/2-1/2

[Event "25th Open"]
[Site "Cappelle la Grande FRA"]
[Date "2009.03.03"]
[Round "5"]
[White "Jojua, D."]
[Black "Korobov, A."]
[Result "1/2-1/2"]
[WhiteElo "2484"]
[BlackElo "2613"]
[PlyCount "100"]
[EventDate "2009.02.28"]

1. d4 Nf6 2. c4 g6 3. Nc3 Bg7 4. e4 d6 5. Nf3 O-O 6. h3 Na6 7. Bg5 c6 8. Bd3 e5
9. O-O exd4 10. Nxd4 Nc5 11. Bc2 h6 12. Bf4 Re8 13. Re1 Nh5 14. Be3 Ne6 15. Nf3
Nef4 16. Qd2 Qf6 17. Bd1 Be6 18. Nh2 g5 19. Ng4 Qg6 20. Bb3 Nf6 21. Nxf6+ Bxf6
22. f3 Be5 23. Ne2 Qf6 24. Rab1 a6 25. Rec1 Kh8 26. Bd1 Rad8 27. Bb6 Rd7 28. b4
Rg8 29. Ba4 h5 30. Be3 Rg6 31. Bb3 Rd8 32. Rf1 Rdg8 33. c5 d5 34. exd5 Bxd5 35.
Bxd5 Nxd5 36. Bd4 Kh7 37. a3 Rd8 38. Bxe5 Qxe5 39. Rfe1 g4 40. fxg4 hxg4 41.
hxg4 Rxg4 42. Rb3 Qg7 43. Rh3+ Kg8 44. Nc3 Rxg2+ 45. Qxg2 Qxg2+ 46. Kxg2 Nf4+
47. Kg3 Nxh3 48. Kxh3 Rd3+ 49. Kg4 Rxc3 50. Re7 Rxa3 1/2-1/2

[Event "25th Open"]
[Site "Cappelle la Grande FRA"]
[Date "2009.03.03"]
[Round "5"]
[White "David, Alb"]
[Black "Zdebskaja, N."]
[Result "1/2-1/2"]
[WhiteElo "2602"]
[BlackElo "2428"]
[PlyCount "37"]
[EventDate "2009.02.28"]

1. d4 Nf6 2. c4 e6 3. Nc3 Bb4 4. Qc2 O-O 5. a3 Bxc3+ 6. Qxc3 b6 7. Bg5 h6 8.
Bh4 Ba6 9. e3 d6 10. Nf3 Nbd7 11. b4 c5 12. dxc5 bxc5 13. Bd3 Bb7 14. O-O Qc7
15. b5 Ne4 16. Bxe4 Bxe4 17. Nd2 Bb7 18. Nb3 Rae8 19. f3 1/2-1/2

[Event "25th Open"]
[Site "Cappelle la Grande FRA"]
[Date "2009.03.03"]
[Round "5"]
[White "Arutinian, D."]
[Black "Berkovich, M."]
[Result "1-0"]
[WhiteElo "2586"]
[BlackElo "2412"]
[PlyCount "77"]
[EventDate "2009.02.28"]

1. d4 Nf6 2. c4 e6 3. Nf3 d5 4. Nc3 Bb4 5. cxd5 exd5 6. Bg5 O-O 7. e3 c5 8. Bd3
c4 9. Bb1 Nbd7 10. Qc1 Qa5 11. O-O Re8 12. Nd2 b5 13. a3 Be7 14. b4 Qb6 15. a4
Bxb4 16. axb5 Bb7 17. Bf5 Nf8 18. Qb2 Bxc3 19. Qxc3 h6 20. Bh4 Ng6 21. Bxg6
fxg6 22. Bxf6 gxf6 23. Ra5 Kf7 24. Rfa1 Re7 25. Qa3 Rc8 26. Nb1 f5 27. Nc3 f4
28. Rxa7 Rcc7 29. h3 f3 30. gxf3 Qf6 31. Kg2 Bc8 32. Rxc7 Bxh3+ 33. Kg3 Rxc7
34. Qa6 Be6 35. Qd6 Qg5+ 36. Kh2 Rd7 37. Qg3 Qf5 38. b6 Qc2 39. Ra7 1-0

[Event "25th Open"]
[Site "Cappelle la Grande FRA"]
[Date "2009.03.03"]
[Round "5"]
[White "Gharamian, T."]
[Black "Wantiez, F."]
[Result "1-0"]
[WhiteElo "2581"]
[BlackElo "2325"]
[PlyCount "70"]
[EventDate "2009.02.28"]

1. Nf3 Nf6 2. c4 g6 3. Nc3 d5 4. Qa4+ Bd7 5. Qb3 dxc4 6. Qxc4 a6 7. d4 b5 8.
Qb3 Be6 9. Qc2 Bg7 10. e4 c6 11. h3 h6 12. Be2 Nbd7 13. O-O O-O 14. Be3 Nb6 15.
b3 Qb8 16. Rac1 Qb7 17. Ne1 Nfd7 18. Nd3 Rfd8 19. Bf3 Rac8 20. Ne2 g5 21. Ng3
a5 22. Nh5 f6 23. e5 Bf7 24. e6 Bxh5 25. exd7 Bxf3 26. dxc8=R Qxc8 27. gxf3
Qxh3 28. Qe2 f5 29. Rxc6 Nd5 30. Re1 Nxe3 31. fxe3 f4 32. Qg2 Qd7 33. Rcc1 fxe3
34. Ne5 Qxd4 35. Nc6 Qf4 1-0

[Event "25th Open"]
[Site "Cappelle la Grande FRA"]
[Date "2009.03.03"]
[Round "5"]
[White "Kononenko, Dmitry1"]
[Black "Hartikainen, M."]
[Result "1/2-1/2"]
[WhiteElo "2574"]
[BlackElo "2286"]
[PlyCount "133"]
[EventDate "2009.02.28"]

1. d4 Nf6 2. c4 g6 3. g3 Bg7 4. Bg2 O-O 5. Nf3 d6 6. O-O Nc6 7. Nc3 a6 8. h3
Rb8 9. e4 e5 10. Be3 b5 11. d5 Na5 12. cxb5 axb5 13. b4 Nc4 14. Bc1 Bd7 15. Qd3
c6 16. dxc6 Bxc6 17. a4 d5 18. axb5 Bxb5 19. Nxb5 Rxb5 20. Nxe5 Nxe4 21. Nxc4
Bxa1 22. Ne3 Nd6 23. Nxd5 Be5 24. Re1 Re8 25. Bf4 Rxd5 26. Bxd5 Bxf4 27. Rxe8+
Qxe8 28. gxf4 Qe1+ 29. Kg2 Qxb4 30. Qe3 Qb5 31. Qe5 Qd7 32. Kh2 Nf5 33. Be4 Nd6
34. Bd3 Qe6 35. Kg3 Qd7 36. f3 Nc8 37. Be4 Nd6 38. Bd3 Nc8 39. Bb5 Qd8 40. Qb8
Qf8 41. Bd3 Ne7 42. Qc7 Nd5 43. Qc6 Qd8 44. Be4 Nf6 45. Qa8 Nh5+ 46. Kf2 Qxa8
47. Bxa8 Nxf4 48. h4 Kg7 49. Bc6 Kh6 50. Bb5 Kg7 51. Bc4 Kf6 52. Kg3 Nh5+ 53.
Kg4 Ng7 54. f4 Nf5 55. Bb3 h5+ 56. Kh3 Nd4 57. Bc4 Nf5 58. Bb3 Ke7 59. Bc4 Nh6
60. Ba2 Kd6 61. Bb3 Kc5 62. f5 Nxf5 63. Bxf7 Ne7 64. Kg3 Nf5+ 65. Kh3 Ne7 66.
Kg3 Nf5+ 67. Kh3 1/2-1/2

[Event "25th Open"]
[Site "Cappelle la Grande FRA"]
[Date "2009.03.03"]
[Round "5"]
[White "Sandu, Mi"]
[Black "Gopal, G."]
[Result "0-1"]
[WhiteElo "2285"]
[BlackElo "2555"]
[PlyCount "56"]
[EventDate "2009.02.28"]

1. e4 c5 2. Nc3 d6 3. f4 Nc6 4. Nf3 g6 5. Bc4 Bg7 6. d3 e6 7. O-O Nge7 8. Qe1
O-O 9. f5 gxf5 10. Qg3 fxe4 11. dxe4 Ng6 12. Be3 Nce5 13. Nxe5 Bxe5 14. Qf2 a6
15. Rad1 b5 16. Be2 Qe7 17. Bh6 Rd8 18. Bh5 Bb7 19. Qe2 Kh8 20. Rd3 Rg8 21. Rh3
f5 22. exf5 exf5 23. Rxf5 Nh4 24. Rf7 Rxg2+ 25. Qxg2 Bd4+ 26. Be3 Bxe3+ 27.
Rxe3 Qxe3+ 28. Qf2 Rg8+ 0-1

[Event "25th Open"]
[Site "Cappelle la Grande FRA"]
[Date "2009.03.03"]
[Round "5"]
[White "Sokolov, And1"]
[Black "Bok, B."]
[Result "1/2-1/2"]
[WhiteElo "2552"]
[BlackElo "2277"]
[PlyCount "170"]
[EventDate "2009.02.28"]

1. e4 e5 2. Nf3 Nc6 3. Bb5 a6 4. Ba4 Nf6 5. Qe2 b5 6. Bb3 Be7 7. c3 d6 8. O-O
O-O 9. h3 Na5 10. Bc2 c5 11. d4 Qc7 12. d5 Bd7 13. b3 Nb7 14. Be3 g6 15. Nbd2
Ne8 16. c4 b4 17. Ne1 Ng7 18. Nd3 a5 19. f4 f6 20. a3 Rae8 21. g4 Nd8 22. f5
Nf7 23. h4 Qc8 24. Qh2 gxf5 25. gxf5 Kh8 26. Qh3 Rg8 27. Kh2 Ref8 28. Bd1 Ne8
29. Bh5 Ng7 30. Be2 Ne8 31. Nf2 Qb7 32. axb4 axb4 33. Rg1 Ng7 34. Ng4 Ra8 35.
Rxa8 Qxa8 36. h5 Ne8 37. Nh6 Nxh6 38. Bxh6 Rxg1 39. Kxg1 Nc7 40. Be3 Bf8 41. h6
Be8 42. Qh4 Qd8 43. Nf3 Be7 44. Qg4 Bf8 45. Kf1 Qe7 46. Qh4 Qd8 47. Ng5 Be7 48.
Ne6 Nxe6 49. dxe6 Bc6 50. Bf3 Qg8 51. Kf2 Qe8 52. Bh5 Qa8 53. Bf3 Qe8 54. Bd2
Qa8 55. Ke2 Qe8 56. Bh5 Qg8 57. Kf2 Qa8 58. Bf3 Qe8 59. Kf1 Qg8 60. Be3 Qe8 61.
Bf2 Qf8 62. Kg2 Qg8+ 63. Kh3 Qf8 64. Be3 Qg8 65. Bh5 Qf8 66. Bf7 Bb7 67. Qg4
Bc6 68. Kg3 Bb7 69. Kf3 Bc6 70. Ke2 Bb7 71. Kd3 Bc6 72. Qg2 Bb7 73. Qg4 Bc6 74.
Ke2 Bb7 75. Kf2 Bc6 76. Kg3 Bb7 77. Kh2 Bc6 78. Qg2 Bb7 79. Qg4 Bc6 80. Kg3 Bb7
81. Kf3 Bc6 82. Ke2 Bb7 83. Bf2 Bc6 84. Be3 Bb7 85. Kd3 Bc6 1/2-1/2

[Event "25th Open"]
[Site "Cappelle la Grande FRA"]
[Date "2009.03.03"]
[Round "5"]
[White "Baramidze, D."]
[Black "Delekta, P."]
[Result "1/2-1/2"]
[WhiteElo "2548"]
[BlackElo "2263"]
[PlyCount "115"]
[EventDate "2009.02.28"]

1. e4 e6 2. d4 d5 3. Nc3 dxe4 4. Nxe4 Bd7 5. Nf3 Bc6 6. Ng3 Nd7 7. Be2 Ngf6 8.
O-O Be7 9. Re1 O-O 10. c3 b6 11. Qc2 Bb7 12. Bf4 Nd5 13. Bd2 c5 14. c4 N5f6 15.
Rad1 Qc7 16. Bc3 cxd4 17. Nxd4 Rad8 18. Bf1 Rfe8 19. Rd2 a6 20. b4 Nf8 21. a3
Ng6 22. Bb2 Rd7 23. Red1 Red8 24. Nb3 Rxd2 25. Rxd2 Rxd2 26. Qxd2 Nd7 27. Nh5
e5 28. Ng3 Nf4 29. Nf5 Bf8 30. f3 g6 31. Ne3 Qd6 32. Qxd6 Bxd6 33. Kf2 f5 34.
c5 bxc5 35. Nc4 Bc7 36. Nxc5 Nxc5 37. bxc5 Ne6 38. Bxe5 Bxe5 39. Nxe5 Nxc5 40.
Ke3 Kg7 41. Kd4 Ne6+ 42. Kc4 Kf6 43. Nd7+ Kg5 44. Nc5 Nxc5 45. Kxc5 Kf4 46. a4
Ke3 47. Kb6 Bd5 48. Bxa6 f4 49. a5 Kf2 50. Bb5 Kxg2 51. a6 Bxf3 52. a7 Kg1 53.
Bc6 Bxc6 54. Kxc6 f3 55. a8=Q f2 56. Qa7 Kg2 57. Qa2 Kg1 58. Qa7 1/2-1/2

[Event "25th Open"]
[Site "Cappelle la Grande FRA"]
[Date "2009.03.03"]
[Round "5"]
[White "Rusev, K."]
[Black "Mevel, A."]
[Result "1/2-1/2"]
[WhiteElo "2546"]
[BlackElo "2260"]
[PlyCount "87"]
[EventDate "2009.02.28"]

1. c4 e5 2. g3 c6 3. d4 exd4 4. Qxd4 d5 5. cxd5 cxd5 6. Bg2 Nf6 7. Nf3 Nc6 8.
Qa4 Be7 9. O-O O-O 10. Rd1 Qb6 11. Nc3 Rd8 12. e3 a6 13. h3 h6 14. Qc2 Be6 15.
b3 Rac8 16. Bb2 Qa7 17. Rac1 b5 18. Qb1 d4 19. exd4 Nxd4 20. Rxd4 Rxd4 21. Nxd4
Qxd4 22. Nd5 Rxc1+ 23. Qxc1 Qa7 24. Nxf6+ Bxf6 25. Bxf6 gxf6 26. Qxh6 Qd4 27.
Qc1 a5 28. g4 b4 29. Bc6 Qd3 30. Qh6 Qb1+ 31. Kg2 Qxa2 32. Be4 Qb2 33. Bh7+ Kh8
34. h4 Bxb3 35. h5 a4 36. Bf5+ Kg8 37. Bh7+ Kh8 38. Be4+ Kg8 39. Qh7+ Kf8 40.
Qh8+ Ke7 41. h6 Qe2 42. Bf3 Bd5 43. Bxd5 Qxg4+ 44. Kh2 1/2-1/2

[Event "25th Open"]
[Site "Cappelle la Grande FRA"]
[Date "2009.03.03"]
[Round "5"]
[White "Leon Hoyos, M."]
[Black "Piot, O."]
[Result "1-0"]
[WhiteElo "2542"]
[BlackElo "2252"]
[PlyCount "55"]
[EventDate "2009.02.28"]

1. d4 Nf6 2. Bg5 c5 3. Bxf6 gxf6 4. d5 Qb6 5. Qc1 Bh6 6. e3 f5 7. c4 f4 8. exf4
Bxf4 9. Qxf4 Qxb2 10. Ne2 Qxa1 11. Nec3 d6 12. Qd2 Bf5 13. Be2 Rg8 14. g3 Bh3
15. f3 a5 16. Kf2 Ra6 17. Rd1 Rb6 18. Qd3 Bd7 19. Nd2 Qb2 20. Rb1 Na6 21. Rxb2
Rxb2 22. a3 Rg6 23. Nb5 Ra2 24. Qc3 f6 25. Bd3 Rh6 26. h4 Bxb5 27. cxb5 Nc7 28.
Bc4 1-0

[Event "25th Open"]
[Site "Cappelle la Grande FRA"]
[Date "2009.03.04"]
[Round "6"]
[White "Iturrizaga, E."]
[Black "Gelashvili, T."]
[Result "1/2-1/2"]
[WhiteElo "2528"]
[BlackElo "2622"]
[PlyCount "45"]
[EventDate "2009.02.28"]

1. d4 Nf6 2. Nf3 e6 3. c4 d5 4. Bg5 h6 5. Bxf6 Qxf6 6. Nc3 c6 7. e3 g6 8. Rc1
Nd7 9. Bd3 Bg7 10. e4 dxc4 11. e5 Qe7 12. Bxc4 O-O 13. O-O c5 14. Re1 Nb6 15.
Ne4 cxd4 16. Bb3 Bd7 17. Nd6 Bc6 18. Nxd4 Bd5 19. f4 Rfd8 20. N4b5 Bc6 21. Nd4
Bd5 22. N4b5 Bc6 23. Nd4 1/2-1/2

[Event "25th Open"]
[Site "Cappelle la Grande FRA"]
[Date "2009.03.04"]
[Round "6"]
[White "Vorobiov, E."]
[Black "Zinchenko, Ya"]
[Result "1/2-1/2"]
[WhiteElo "2591"]
[BlackElo "2527"]
[PlyCount "21"]
[EventDate "2009.02.28"]

1. Nf3 Nf6 2. c4 g6 3. Nc3 d5 4. Qa4+ Bd7 5. Qb3 dxc4 6. Qxc4 a6 7. d4 b5 8.
Qb3 c5 9. dxc5 Bg7 10. e4 Bc6 11. Be2 1/2-1/2

[Event "25th Open"]
[Site "Cappelle la Grande FRA"]
[Date "2009.03.04"]
[Round "6"]
[White "Olszewski, Mi"]
[Black "Gharamian, T."]
[Result "1/2-1/2"]
[WhiteElo "2517"]
[BlackElo "2581"]
[PlyCount "36"]
[EventDate "2009.02.28"]

1. d4 e6 2. c4 Nf6 3. Nf3 Bb4+ 4. Nbd2 a5 5. Qc2 d6 6. e4 e5 7. a3 Bxd2+ 8.
Bxd2 Qe7 9. d5 Nbd7 10. Ng1 Nc5 11. f3 O-O 12. Ne2 Nh5 13. g4 Qh4+ 14. Kd1 Bd7
15. a4 Nf6 16. Be1 Qg5 17. Bd2 Qh4 18. Be1 Qg5 1/2-1/2

[Event "25th Open"]
[Site "Cappelle la Grande FRA"]
[Date "2009.03.04"]
[Round "6"]
[White "Solodovnichenko, Y."]
[Black "Danielian, O."]
[Result "0-1"]
[WhiteElo "2571"]
[BlackElo "2519"]
[PlyCount "196"]
[EventDate "2009.02.28"]

1. e4 e6 2. d4 d5 3. Nc3 Nf6 4. e5 Nfd7 5. f4 c5 6. Nf3 Nc6 7. Be3 Qb6 8. Na4
Qa5+ 9. c3 b6 10. Bd2 c4 11. b4 Qa6 12. a3 Be7 13. g3 f5 14. exf6 Nxf6 15. Nb2
O-O 16. Bh3 Ne4 17. O-O b5 18. a4 Bd7 19. Qc2 Qb7 20. a5 Bf6 21. Nd1 Ne7 22.
Nf2 Nf5 23. Rae1 Nfd6 24. Nxe4 Nxe4 25. Bc1 Rae8 26. Re2 Qc8 27. Rfe1 Re7 28.
Nd2 Nd6 29. Bg4 Qe8 30. Kg2 Qf7 31. h4 h5 32. Bh3 Rfe8 33. Kh2 Bc6 34. Rf1 Rf8
35. Rfe1 Rfe8 36. Rg1 Rf8 37. Rf1 Qe8 38. Ref2 Bd7 39. Bg2 Bc6 40. Re1 Qf7 41.
Bh3 Qe8 42. Qd1 a6 43. Qe2 Bd7 44. Qf1 Qg6 45. Rfe2 Rfe8 46. Qg2 Qf7 47. Nf3
Ne4 48. Re3 Rf8 49. R1e2 Rfe8 50. Bd2 Qg6 51. Be1 Qh7 52. Bf2 Kh8 53. Qf1 Qg6
54. Qe1 Qh7 55. Qc1 Kg8 56. Qc2 Qh6 57. Kg2 Bc8 58. Kh2 Kh8 59. Be1 Kg8 60. Bg2
Bb7 61. Bf2 Kh8 62. Qb1 Kg8 63. Qe1 Kf7 64. Kg1 Qg6 65. Qb1 Qf5 66. Qc2 Kg8 67.
Kh2 Qh7 68. Be1 Qh6 69. Ng5 Bxg5 70. hxg5 Qh7 71. Kg1 Rf8 72. Bf3 g6 73. Rh2
Qf7 74. Qg2 Qf5 75. Bd1 Rh7 76. Rh4 Qf7 77. Bc2 Kg7 78. Re2 Rfh8 79. Qh3 Kf8
80. Rh2 Kg8 81. Qg2 Bc6 82. Qe2 Bb7 83. Qe3 Qf5 84. Bd1 Qf7 85. Bf3 Qf5 86. Qe2
Rf7 87. Bg2 Rfh7 88. Rh1 Qf7 89. Qe3 Qf5 90. Bf3 Bc6 91. R1h3 Bb7 92. g4 hxg4
93. Bxg4 Qxg4+ 94. Rxg4 Rxh3 95. Qc1 Rh1+ 96. Kg2 R8h2+ 97. Kf3 Rf1+ 98. Ke3
Nd6 0-1

[Event "25th Open"]
[Site "Cappelle la Grande FRA"]
[Date "2009.03.04"]
[Round "6"]
[White "Timoshenko, G."]
[Black "Jaracz, P."]
[Result "1/2-1/2"]
[WhiteElo "2551"]
[BlackElo "2518"]
[PlyCount "33"]
[EventDate "2009.02.28"]

1. e4 c6 2. d4 d5 3. e5 Bf5 4. Nf3 e6 5. Be2 c5 6. Be3 cxd4 7. Nxd4 Ne7 8. Bg5
Qd7 9. Bxe7 Bxe7 10. Nxf5 exf5 11. O-O Nc6 12. Re1 O-O 13. Bb5 Rad8 14. Nd2
Rfe8 15. Nf3 Bf8 16. c3 g6 17. Qd2 1/2-1/2

[Event "25th Open"]
[Site "Cappelle la Grande FRA"]
[Date "2009.03.04"]
[Round "6"]
[White "Dvoirys, S."]
[Black "Friedel, J."]
[Result "1/2-1/2"]
[WhiteElo "2547"]
[BlackElo "2511"]
[PlyCount "41"]
[EventDate "2009.02.28"]

1. e4 e5 2. Nf3 Nc6 3. Bb5 a6 4. Ba4 Nf6 5. O-O Be7 6. Re1 b5 7. Bb3 d6 8. a4
Bg4 9. c3 O-O 10. d3 Na5 11. Bc2 b4 12. Nbd2 Rb8 13. d4 c5 14. dxe5 dxe5 15.
Qe2 Qc7 16. h3 Bxf3 17. Qxf3 c4 18. Nf1 bxc3 19. bxc3 Nb3 20. Ra2 Nxc1 21. Rxc1
1/2-1/2

[Event "25th Open"]
[Site "Cappelle la Grande FRA"]
[Date "2009.03.04"]
[Round "6"]
[White "Dzhumaev, M."]
[Black "Kravtsiv, M."]
[Result "1-0"]
[WhiteElo "2529"]
[BlackElo "2510"]
[PlyCount "45"]
[EventDate "2009.02.28"]

1. e4 e5 2. d4 exd4 3. Qxd4 Nc6 4. Qe3 Nf6 5. Nc3 Bb4 6. Bd2 O-O 7. O-O-O Re8
8. Qg3 d6 9. f3 Be6 10. Nge2 Kh8 11. h4 Qe7 12. Bg5 h6 13. Nd5 Bxd5 14. Rxd5
Bc5 15. Kb1 Qe6 16. Nf4 Qe7 17. Rf5 Bd4 18. Nd5 Qe6 19. Bxf6 Bxf6 20. Nxf6 gxf6
21. Bc4 Qxc4 22. Rh5 Kh7 23. Qf4 1-0